Japan and the challenge of Europe 1992

Bewaard in:
Bibliografische gegevens
Hoofdauteur: Ishikawa, Kenjiro
Formaat: Boek
Taal:Undetermined
Gepubliceerd in: London,New York Pinter Publishers for the Royal Institute of International Affairs 1990
Onderwerpen:
Tags: Voeg label toe
Geen labels, Wees de eerste die dit record labelt!
Thư viện lưu trữ: Trung tâm Học liệu Trường Đại học Cần Thơ
LEADER 00555nam a2200181Ia 4500
001 CTU_107908
008 210402s9999 xx 000 0 und d
082 |a 338.6048 
082 |b I.79 
100 |a Ishikawa, Kenjiro 
245 0 |a Japan and the challenge of Europe 1992 
245 0 |c Kenjiro Ishikawa 
260 |a London,New York 
260 |b Pinter Publishers for the Royal Institute of International Affairs 
260 |c 1990 
650 |a Competition, international 
904 |i M.Loan 
980 |a Trung tâm Học liệu Trường Đại học Cần Thơ